000 01711cam a22004694i 4500
003 PE-LiUPU
005 20250731173321.0
008 150625s2005 miu rb 000 0 eng d
020 _a080283115X
035 _a(Sirsi) i9780802831156
040 _aPE-LiUPU
_bspa
_cPE-LiUPU
_erda
049 _aPRUA
082 0 4 _a220.1
_bB18
_221
100 1 _aBallard, Paul,
_eautor.
245 1 4 _aThe bible in pastoral practice :
_breadings in the place and function of scripture in the church /
_cPaul Ballard y Stephen R. Holmes.
264 1 _aGrand Rapids, MI :
_bWilliam B. Eerdmans Publishing Company,
_c2005.
300 _a316 páginas ;
_c23 centímetros
336 _atext
_2rdacontent
337 _aunmediated
_2rdamedia
338 _avolume
_2rdacarrier
504 _aBibliografía al final de cada capítulo.
505 0 _aListening to the tradition -- The problems posed by contemparary biblical scholarship. .
526 _aSEG42
526 _aSEG41
526 _aSEG40
526 _aSEG39
526 _aP94
526 _aP87
526 _aP86
526 _aP85
526 _aP77
526 _aP76
526 _aP35
541 _g438621;
630 _aBiblia
_xUso.
650 0 4 _aTeología Pastoral.
_91381
942 _2ddc
_cBOOK
949 _a220.1 B18
_wDEWEY
_c1
_i57567
_lCCODEBUL1
_mBUL
_p27.00
_r0
_sY
_tBOOK
_u2015-6-25
_xTEOLOGIA
_PP35
_0COMPRA
_o.STAFF. Colección Teología
994 _aC0
_bPEPRU
596 _a1
999 _a220.1 B18
_wDEWEY
_c46589
_i57567
_f2021-11-9
_g5
_lCCODEBUL1
_mBUL
_p27.00
_r0
_sY
_tBOOK
_u2015-6-25
_xTEOLOGIA
_PP35
_0COMPRA
_o.STAFF. Colección Teología
_d46589
980 _81
_gALBERTO SANCHEZ Responsable de Automatización